An introduction to palaeobotany / (Record no. 127577)

MARC details
000 -LEADER
fixed length control field 00684nam a22002297a 4500
005 - DATE AND TIME OF LATEST TRANSACTION
control field 20170124110027.0
010 ## - LIBRARY OF CONGRESS CONTROL NUMBER
LC control number A-991601
020 ## - INTERNATIONAL STANDARD BOOK NUMBER
Terms of availability 00.00
International Standard Book Number 8176481149
035 ## - SYSTEM CONTROL NUMBER
System control number A-991601
037 ## - SOURCE OF ACQUISITION
Source of stock number/acquisition Cen Lib/Ret
040 ## - CATALOGING SOURCE
Original cataloging agency DPL
Language of cataloging EN
082 ## - DEWEY DECIMAL CLASSIFICATION NUMBER
Classification number 561
Item number PRA
100 ## - MAIN ENTRY--PERSONAL NAME
Personal name Prasad, K. N
9 (RLIN) 20900
245 ## - TITLE STATEMENT
Title An introduction to palaeobotany /
Statement of responsibility, etc by K. N. Prasad
260 ## - PUBLICATION, DISTRIBUTION, ETC. (IMPRINT)
Place of publication, distribution, etc New Delhi
Name of publisher, distributor, etc APH Publishing Corporation
Date of publication, distribution, etc 1999
270 ## - ADDRESS
Address 5, Ansari Road Daryganj
City New Delhi
Postal code 110002
300 ## - PHYSICAL DESCRIPTION
Extent 181p. :
Dimensions 22cm(Hb)
Other physical details ill
500 ## - GENERAL NOTE
General note Includes index and bibliography
650 ## - SUBJECT ADDED ENTRY--TOPICAL TERM
Topical term or geographic name as entry element Paleobotany
9 (RLIN) 20901
650 ## - SUBJECT ADDED ENTRY--TOPICAL TERM
Topical term or geographic name as entry element Plants, Fossil
9 (RLIN) 20902
942 ## - ADDED ENTRY ELEMENTS (KOHA)
Source of classification or shelving scheme Dewey Decimal Classification
Koha item type English Books
Classification part 561
Call number suffix PRA
Holdings
Withdrawn status Lost status Damaged status Not for loan Home library Current library Date acquired Source of acquisition Cost, normal purchase price Total Checkouts Full call number Barcode Date last seen Copy number Cost, replacement price Price effective from Koha item type Public note
Written off       Central Library Central Library 29/06/2015 Cen Lib/Ret 0.00   561 PRA A-991601 29/06/2015 1 0.00 29/06/2015 English Books Written off on approval by DLB (By Circulation); dtd 15-06-2023

© Delhi Public Library
Hit Counter
free hit counter